000 00363 a2200169 4500
001 16916
020 _a9788506033500
040 _cAnchieta - Bela Vista
100 _aCardias,J
240 1 0 _aNinho de poesias
_lpor
245 1 0 _aNinho de poesias
300 _a32
362 0 _a2005
440 1 _aMelhoramentos
650 4 _aLiteratura infantil
942 _cBK
999 _c16916
_d16916